000 00662nam a2200145Ia 4500
008 151213s9999 xx 000 0 und d
100 _aসংস্থাপন মন্ত্রণালয়।
245 _aবাংলাদেশ সচিবালয়, টেলিফোন নির্দেশিকা।
_cসংস্থাপন মন্ত্রণালয়।
260 _aঢাকা
_bসংসস্থাপন মন্ত্রণালয়।
_c1996
300 _a3781 p.
650 _aBangla
650 _aরেফারেন্স
700 _aসংস্থাপন মন্ত্রণালয়।
999 _c2493
_d2493